[Event "6th Gibtelecom Masters"]
[Site "Gibraltar ENG"]
[Date "2008.01.28"]
[Round "7"]
[White "Georgiev, Ki"]
[Black "Bu Xiangzhi"]
[Result "0-1"]
[WhiteElo "2662"]
[BlackElo "2691"]
[PlyCount "118"]
[EventDate "2008.01.22"]
[Source "www.chesslib.no"]
[SourceDate "2004.05.04"]

1. d4 d5 2. c4 c6 3. Nf3 Nf6 4. Nc3 dxc4 5. a4 Bf5 6. Ne5 Nbd7 7. Nxc4 Qc7 8. g3 e5 9. dxe5 Nxe5 10. Bf4 Nfd7 11. Bg2 g5 12. Ne3 gxf4 13. Nxf5 O-O-O 14. Qc2 Ng6 15. Rc1 Kb8 16. O-O a5 17. Rfd1 Qb6 18. Ne4 Bb4 19. Rd4 Nde5 20. Rxd8+ Rxd8 21. Rd1 h5 22. e3 fxe3 23. Nxe3 h4 24. Nf5 hxg3 25. hxg3 Ne7 26. Nxe7 Bxe7 27. Rxd8+ Qxd8 28. Nd2 Qd4 29. Nf3 Qd3 30. Qc3 Qd1+ 31. Kh2 Ng4+ 32. Kh3 Nxf2+ 33. Kh2 Ng4+ 34. Kh3 Qxa4 35. Ne5 Nf2+ 36. Kh2 Bd6 37. Nc4 Qb4 38. Nxd6 Qxd6 39. Qxa5 Ng4+ 40. Kh3 Ne5 41. Be4 Qd4 42. b3 b6 43. Qe1 Kc7 44. Qe2 Kd6 45. Qc2 Qe3 46. Kg2 Qe1 47. Bf5 Kd5 48. Bh7 b5 49. Bf5 Qe3 50. Qd1+ Kc5 51. Bc2 Kb4 52. Bh7 c5 53. Qf1 Qd2+ 54. Kg1 Qe3+ 55. Kg2 Qxb3 56. Qf4+ Nc4 57. Bg8 Qb2+ 58. Kf1 Qa1+ 59. Kg2 Qa8+ 0-1

[Event "WCC"]
[Site "?"]
[Date "2005.12.01"]
[Round "2.2"]
[White "Gelfand Boris"]
[Black "Felgaer Ruben"]
[Result "1/2-1/2"]
[WhiteElo "2717"]
[BlackElo "2636"]
[PlyCount "65"]
[EventDate "2005.??.??"]
[Source "www.chesslib.no"]
[SourceDate "2004.05.04"]

1. d4 d5 2. c4 c6 3. Nf3 Nf6 4. Nc3 dxc4 5. a4 Bf5 6. Ne5 Nbd7 7. Nxc4 Nb6 8. Ne5 a5 9. Bg5 Nfd5 10. e4 Nxc3 11. bxc3 Bxe4 12. Qb3 Bd5 13. c4 Be4 14. Qe3 Bf5 15. d5 f6 16. dxc6 e6 17. cxb7 Bb4+ 18. Ke2 Rb8 19. g4 Nxc4 20. Nxc4 Bxg4+ 21. f3 Bf5 22. Bf4 Rxb7 23. Rd1 Rd7 24. Bg2 Qc8 25. Qb3 e5 26. Rxd7 Bxd7 27. Rc1 Qa6 28. Bd2 O-O 29. Ke1 Be6 30. Bxb4 axb4 31. Qxb4 Rc8 32. Bf1 Qc6 33. Rc3 1/2-1/2